00311nam a2200097Ia 4500008004100000100001500041245008500056245001500141650001300156856004400169170221s9999 xx 000 0 und d aJohn Teale aImproving Financial Planning Graduate Employability Through Enterprise Education cJohn Teale xBusiness uhttp://ro.uow.edu.au/aabfj/vol7/iss3/6/